[Event "Mukachevo Rating March 2019"]
[Site "Mukachevo"]
[Date "2019.03.15"]
[Round "6.1"]
[White "Vanczak, Tamas"]
[Black "Kagramanianz, Vartan"]
[Result "1-0"]
[WhiteElo "2263"]
[BlackElo "2249"]
[Annotator "TA"]
[PlyCount "103"]
[EventDate "2019.??.??"]
[EventCountry "UKR"]
[SourceTitle "playchess.com"]
[Source "ChessBase"]
[SourceQuality "1"]

{[%evp 9,103,-3,0,-4,0,6,32,0,10,25,11,10,27,-38,-15,-26,-12,-27,0,0,0,0,0,-8,18,22,34,32,38,13,28,23,21,0,0,-23,-12,-24,-14,-8,0,-38,0,-62,-43,-50,17,20,135,130,168,149,301,283,267,254,234,245,253,241,240,122,359,369,349,343,327,310,603,615,593,593,621,602,595,538,962,962,965,934,898,895,940,933,884,865,1706,1720,1506,1574,1240,1156,29979,12353,6203,1229]} 1. d4 d6 2. Nf3 Nf6 3. Bg5 Nbd7 4. Nbd2 h6 5. Bh4 g5 6. Bg3 {A46: 1 d4 Nf6 2 Nf3 e6: Torre, London and Colle Systems} Bg7 (6... Nh5 7. e4 Bg7 8. c3 e6 9. Bc4 a6 10. a4 Qe7 11. O-O O-O 12. Re1 b6 13. d5 Nxg3 14. hxg3 g4 {0-1 (35) Dreev,A (2649)-Shimanov,A (2626) chess.com INT 2018}) 7. h3 c5 $146 ({Predecessor:} 7... e5 8. dxe5 Nh5 9. Bh2 Nxe5 10. e3 Nc6 11. c3 Nf6 12. Bb5 Bd7 13. Qc2 {½-½ (37) Boerefijn,M-Hammermayer,F Moscow 1986}) 8. c3 {White is slightly better.} cxd4 9. Nxd4 Nc5 10. e3 e5 11. N4f3 (11. N4b3 $11) 11... Bf5 12. Bb5+ Ke7 13. O-O a6 14. Be2 Qc7 15. Bh2 Rhe8 16. c4 Kf8 17. b4 Nce4 18. Rc1 a5 19. Nxe4 Nxe4 20. b5 Nc5 21. Ne1 {[%cal Bf3e1,Be1c2,Bc2a1,Ba1b3][%mdl 32]} Rad8 22. Nc2 Kg8 23. Na1 b6 24. Nb3 Qe7 25. Qd2 Be6 26. Bf3 (26. Rfd1 $11) 26... e4 $15 27. Be2 Be5 ({Black should play} 27... d5 $1 $15 28. Nd4 dxc4 29. Bxc4 Rd7) 28. Nd4 $11 Bxd4 (28... Bxh2+ $11 29. Kxh2 d5) 29. exd4 $16 Nd7 30. f4 {And now f5 would win.} f6 $2 (30... exf3 $16 31. Bxf3 f5) 31. Qe3 $18 Bf7 32. fxg5 hxg5 33. Bg4 Kg7 34. Bf5 Rc8 35. Qa3 (35. d5 $18) 35... Rxc4 $2 (35... Bxc4 $16 {keeps fighting.} 36. Bxd6 Qf7) 36. Bxd6 Qd8 37. Rxc4 $1 Bxc4 38. Rc1 e3 $2 (38... Be6) 39. Rxc4 e2 40. Bg3 e1=Q+ 41. Bxe1 Rxe1+ {[#]} 42. Kf2 $1 {[%cal Rf2e1]} ({Not} 42. Kh2 Qb8+ 43. g3 Qb7 $11) 42... Ne5 43. Rc8 ({Worse is} 43. Kxe1 Nxc4 44. Qc3 Qd5 $14) 43... Qxd4+ 44. Kxe1 {[%csl Gc8][%cal Ra3f8]} Qg1+ 45. Kd2 {[%csl Gc8][%cal Ra3f8]} Qxg2+ 46. Kc3 {[%csl Gc8][%cal Ra3f8]} Qf3+ 47. Kb2 {[%csl Gc8][%cal Ra3f8]} Qxf5 48. Qf8+ Kg6 {[#]} 49. Qg8+ $1 Kh6 50. Qh8+ Kg6 51. Rg8+ Kf7 52. Rg7+ {Accuracy: White = 64%, Black = 31%.} 1-0

[Event "Mukachevo Rating March 2019"]
[Site "Mukachevo"]
[Date "2019.03.15"]
[Round "6.2"]
[White "Zambo, Zoltan Istvan"]
[Black "Shankovskyi, Andrii"]
[Result "1/2-1/2"]
[WhiteElo "2370"]
[BlackElo "2347"]
[Annotator "TA"]
[PlyCount "208"]
[EventDate "2019.??.??"]
[EventCountry "UKR"]
[SourceTitle "playchess.com"]
[Source "ChessBase"]
[SourceQuality "1"]

{[%evp 18,208,35,8,13,0,8,-14,0,-37,-24,-35,-25,-55,-15,-91,-79,-89,-96,-102,-71,-106,-102,-108,-60,-62,-71,-74,-62,-81,-43,-57,-35,-121,-58,-65,-68,-102,-101,-91,-95,-90,-99,-101,-109,-146,-139,-147,-148,-158,-152,-158,-158,-158,-152,-166,-159,-168,-166,-165,0,-165,-161,-168,-168,-178,-152,-174,-166,-400,-393,-404,-286,-326,-316,-423,-239,-375,-362,-542,-541,-550,-550,-528,-418,-418,-425,-396,-388,-934,-227,-934,-934,-897,-897,-883,-875,-788,-23,-23,-23,-23,0,0,0,0,0,0,0,0,0,0,0,0,-8,-8,-10,-50,0,0,0,0,0,0,0,0,0,-8,0,-8,0,-8,0,0,0,-8,-8,-8,-8,-8,-8,-8,-8,-8,-8,-8,-8,-8,-8,-185,0,-8,0,-8,-8,-8,0,0,0,0,0,-8,0,0,0,0,0,0,0,0,0,0,0,0,0,0,0,0,0,0,0,0,0,-8,-8,-8,-8,-8,-8,-8,0,0,0]} 1. c4 Nf6 2. Nf3 g6 3. Nc3 c5 4. g3 Bg7 5. Bg2 O-O 6. d4 cxd4 7. Nxd4 Nc6 8. O-O a6 9. Nc2 d6 10. e4 Bg4 {A38: Symmetrical English vs ...g6: 4 Bg2 Bg7 5 Nf3 Nf6} 11. f3 Be6 12. Ne3 $146 ({Predecessor:} 12. Nd5 Rc8 13. Be3 Nd7 14. Rb1 Nde5 15. Nb6 Nxc4 16. Nxc8 Qxc8 17. Bc1 f5 18. b3 {½-½ (54) Abran,D (1854)-Lessard,C (2119) Ste-Foy 2015}) 12... Na5 13. Ncd5 (13. c5 $5) 13... b5 14. cxb5 axb5 15. Kh1 Nc4 16. Qb3 (16. Nf4 $11) 16... Qd7 17. Rd1 Rfc8 18. Bf1 {[%cal Re3c4]} Rab8 19. Nxf6+ Bxf6 20. Nd5 Bg7 21. Rb1 Qa7 22. Kg2 h6 23. a3 Kf8 24. Nf4 Bd7 25. Qb4 (25. Nd5 $15) 25... Ne3+ ({Better is} 25... Ne5 $17 26. Qe1 Rc2+ 27. Be2 f5 28. exf5 Bxf5) 26. Bxe3 $1 $15 Qxe3 27. Qd2 Qxd2+ 28. Rxd2 b4 $1 {[%cal Rb4a3]} 29. axb4 Rxb4 30. Nd5 Rb3 31. Be2 Rcb8 32. Bc4 Rxb2 33. Rbxb2 Bxb2 34. h4 e6 35. Nf4 Ke7 36. Rc2 Bd4 37. Ra2 Rc8 38. Bf1 Rb8 $2 (38... h5 $19 39. Be2 Rc3) 39. Rc2 $2 (39. Bc4 $1 $11) 39... Rb1 40. Ne2 Bb6 41. Nc3 Ra1 42. Bc4 h5 43. f4 $2 (43. Bb5) 43... Bc6 $19 44. Be2 Rg1+ 45. Kh2 Re1 46. Bf3 Bc5 (46... f5 $142 47. Na2 Bg1+ 48. Kg2 Bc5) 47. Re2 (47. Bg2 $142) 47... Rc1 48. Nd5+ (48. Na2 $142 Rc4 49. Bh1) 48... Kf8 ({Inferior is} 48... exd5 49. exd5+ Kf6 50. dxc6 $11) 49. Nf6 Kg7 50. g4 Bd4 51. g5 Bxf6 52. gxf6+ Kxf6 {[%mdl 4096] Endgame KRB-KRB} 53. e5+ $2 (53. Kg3) 53... dxe5 $2 (53... Kf5 54. Bxc6 Rxc6 55. exd6 Rxd6) 54. fxe5+ $2 (54. Bxc6 Rxc6 55. Rxe5) 54... Kf5 55. Bxc6 Rxc6 {KR-KR} 56. Rf2+ Kxe5 57. Rxf7 Ke4 $2 (57... Rc4 $19 58. Kh3 Rf4) 58. Rf6 $11 Rc2+ 59. Kh3 e5 60. Rxg6 Rf2 {aiming for ...Kf4.} 61. Kg3 Rf3+ (61... Rf1 {is interesting.} 62. Kg2 Rf5 63. Kg3 Kd5 64. Rh6 Kd4) 62. Kg2 Rf4 63. Kg3 Rf3+ (63... Rf1 {with more complications.} 64. Kg2 Rf5 65. Kg3 Kd5 66. Rh6 Kd4) 64. Kg2 Rf8 65. Rg5 Rf5 66. Rg8 Kf4 67. Kf2 Ke4+ 68. Kg3 Ke3 (68... Rf1 {keeps more tension.} 69. Kg2 Rc1 70. Rg5 Kf4 71. Rxh5 e4) 69. Rg5 Ke4 70. Rg8 Rf3+ (70... Kd5 {feels hotter.} 71. Rg6 e4 72. Ra6 Kc4 73. Ra3 Rf8) 71. Kg2 Rf6 72. Rg5 Rf5 73. Rg8 Ke3 {White must now prevent ...e4.} 74. Kg3 $1 Kd4 (74... e4 {seems wilder.} 75. Rg5 Rxg5+ 76. hxg5 Kd3 77. g6 e3) 75. Rg5 Ke4 76. Rg8 Kd5 77. Rd8+ Ke6 {next ...e4 is good for Black.} 78. Rh8 e4 79. Rg8 Kf6 (79... Rf3+ {is more complex.} 80. Kg2 Ke5 81. Rg5+ Rf5 82. Kg3 Kf6) 80. Re8 $1 Rf3+ 81. Kg2 Kf5 82. Rg8 $1 Ke5 83. Re8+ $2 {[#]} (83. Rh8 $11 {and White is okay.}) 83... Kd4 $2 (83... Kf4 $1 $19 {Strongly threatening ...Rb3.} 84. Rg8 Ra3) 84. Rd8+ {The position is equal.} Ke5 {Hoping for ...Kf4.} 85. Rg8 Kf4 {And now ...Ra3 would win.} 86. Rg5 Rb3 {...Rb2+ is the strong threat.} (86... e3 $5 87. Rf5+ $8 Kxf5 88. Kxf3 {[#]} e2 $1 {[%mdl 512]} 89. Kxe2 Ke4 $11) 87. Rxh5 Rb2+ 88. Kf1 Rh2 89. Rb5 Kf3 {[%cal Rh2h1]} ({Much less strong is} 89... Rxh4 90. Rb3 $17) 90. Rf5+ Ke3 91. h5 Rh4 92. Ra5 Kf3 {[%cal Rh4h1]} 93. Rf5+ Ke3 94. Ra5 Rf4+ (94... Rh1+ {with more complications.} 95. Kg2 Rh4 96. Ra3+ Ke2 97. Ra2+ Kd3) 95. Ke1 $1 Kf3 (95... Rf6 {keeps more tension.} 96. Ra3+ Kf4 97. Kf2 Kg5+ 98. Ke2 Rh6) 96. Rb5 Rg4 97. Rf5+ Ke3 98. Kf1 Rh4 99. Ra5 Kf4 (99... Rh2 {looks sharper.} 100. Rf5) 100. Ra3 Rxh5 101. Ke2 Rh2+ 102. Ke1 Rg2 103. Rb3 (103. Kf1 $5 {[%cal Rf1g2]} Rg3 104. Ra7 $17) 103... e3 {Threatens to win with ...Kf3.} 104. Rb8 Ke5 {Accuracy: White = 45%, Black = 49%.} 1/2-1/2

[Event "Mukachevo Rating March 2019"]
[Site "Mukachevo"]
[Date "2019.03.15"]
[Round "6.3"]
[White "Larkin, Vladyslav"]
[Black "Vachylia, Andrii"]
[Result "1-0"]
[WhiteElo "2336"]
[BlackElo "2268"]
[Annotator "TA"]
[PlyCount "89"]
[EventDate "2019.??.??"]
[EventCountry "UKR"]
[SourceTitle "playchess.com"]
[Source "ChessBase"]
[SourceQuality "1"]

{[%evp 17,89,60,72,41,70,48,51,42,66,58,44,23,56,14,10,9,19,8,16,12,28,-54,-46,-47,-32,-45,-39,-39,-47,-68,-51,-50,-51,-88,-91,-81,-82,-102,-102,-102,-105,-99,-70,-95,-43,-88,-83,-60,-14,-47,-56,-59,0,0,0,0,0,0,635,617,584,545,1931,1637,1013,995,29985,29986,29988,29988,29984,5160,29993,29994]} 1. d4 c5 2. d5 Nf6 3. Nc3 d6 4. e4 g6 5. Bb5+ Nbd7 6. a4 Bg7 7. Nf3 O-O 8. O-O a6 9. Be2 b6 10. Nd2 {A43: Schmid Benoni} (10. Ra3 Qc7 11. Nd2 Bb7 12. Nc4 Ne5 13. Nxe5 dxe5 14. Be3 Ne8 15. Qd2 Nd6 16. f3 f5 17. Rb1 f4 {0-1 (41) Chiru,I (2534)-De Oliveira,J (2574) ICCF email 2010}) 10... Qc7 11. f4 Rb8 $146 ({Predecessor:} 11... Bb7 12. Nc4 Ne8 13. Re1 Qb8 14. Bg4 Bc8 15. Qe2 Nc7 16. e5 dxe5 17. fxe5 b5 18. axb5 axb5 19. Rxa8 Nxa8 20. Bxd7 Bxd7 {1-0 (44) Gapa,S (2044)-Maszota,N (2099) Lublin 2006}) 12. Bc4 {White is slightly better.} Qb7 13. Ra3 Ne8 14. Rb3 Nc7 15. Kh1 Nf6 16. Nf3 Bd7 17. e5 Ng4 18. h3 Nh6 19. Ne4 (19. g4 $11) 19... Bxa4 $15 20. Ra3 Bb5 21. Bxb5 Nxb5 22. Rd3 c4 23. Rd2 Nf5 {And now ...Ne3 would win.} 24. Re1 dxe5 25. Nxe5 Rbc8 26. c3 Nbd6 27. Qf3 Nxe4 28. Rxe4 b5 29. Re1 Rc7 30. g4 {[#]} Nd6 ({Better is} 30... Nh4 $1 $17 {[%cal Rh4f3]} 31. Qf2 f6 32. Nxc4 bxc4 33. Qxh4 Rd8) 31. f5 {[#]} Bxe5 $1 32. Rxe5 f6 33. Re6 Nf7 {aiming for ...Ng5.} 34. Rd1 Rd8 (34... Nd8 $15 35. Re2 Nf7) 35. fxg6 $11 hxg6 36. Qe4 $36 {[%mdl 2048] White is more active.} Kg7 37. g5 Rh8 $2 {[%mdl 8192]} (37... Rd6 $11) 38. gxf6+ $18 exf6 39. Qf4 f5 40. Qd4+ Kf8 41. Rde1 {[%csl Ge1][%cal Re6e8]} Rc8 42. Rxg6 {[%csl Gg6][%cal Rd4g7]} Rxh3+ 43. Kg2 {[%csl Gg6][%cal Rd4g7]} Rh7 44. Rh1 (44. Bf4 $142 Qd7 45. Qf6 Qxd5+ 46. Kg3 Qd3+ 47. Kf2 Rh2+ 48. Kg1 Qf1+ 49. Kxf1) 44... Nh8 45. Qf6+ {[%mdl 64] Double Attack. Accuracy: White = 45%, Black = 42%.} 1-0

[Event "Mukachevo Rating March 2019"]
[Site "Mukachevo"]
[Date "2019.03.15"]
[Round "6.4"]
[White "Tiba, Vladyslav"]
[Black "Demeter, Dorina"]
[Result "1-0"]
[WhiteElo "2389"]
[BlackElo "2140"]
[Annotator "TA"]
[PlyCount "85"]
[EventDate "2019.??.??"]
[EventCountry "UKR"]
[SourceTitle "playchess.com"]
[Source "ChessBase"]
[SourceQuality "1"]

{[%evp 10,85,27,20,27,20,55,52,57,50,48,48,55,48,54,38,60,52,61,45,61,63,75,68,192,212,196,207,193,199,185,189,176,168,153,151,146,134,150,153,191,191,306,303,306,306,308,307,306,308,297,285,720,702,716,706,804,741,659,590,811,804,797,789,789,770,1224,5052,1176,4550,2250,2168,6079,5689,5774,5724,4698,4132]} 1. e4 c5 2. Nf3 d6 3. d4 cxd4 4. Qxd4 a6 5. c4 Nc6 6. Qe3 Nf6 {B53: Sicilian: 2...d6: Lines with Qxd4} (6... Bg4 7. Nd4 g6 8. Nc3 Bg7 9. Nxc6 bxc6 10. h3 Be6 11. Be2 Nf6 12. O-O O-O 13. f4 Qa5 14. Bd2 {1-0 (50) Karjakin,S (2763)-Nepomniachtchi,I (2751) Moscow 2018}) 7. Be2 e6 8. O-O Be7 {White is slightly better.} 9. h3 O-O 10. Rd1 {aiming for e5.} Qc7 11. Nc3 Ne5 12. b3 Nxf3+ 13. Bxf3 Nd7 $146 14. Ba3 Nc5 15. Rac1 h6 16. Rc2 Rd8 {[#]} (16... Bg5 $14 17. Qe2 Rd8) 17. e5 $1 $18 {[%mdl 512]} Rb8 (17... dxe5 18. Rxd8+) 18. exd6 Rxd6 19. Nd5 exd5 20. Qxc5 Rd7 21. Qxc7 Rxc7 22. Bxe7 Rxe7 23. Rxd5 {Rd8+ is the strong threat.} Be6 24. Rd6 Kf8 25. Rb6 Ke8 (25... Bf5 {is a better defense.} 26. Rc3 Be4 27. Bxe4 Rxe4) 26. c5 Kd8 27. c6 Kc7 28. Rxb7+ Rxb7 29. cxb7+ {[%mdl 4096] Endgame KRB-KRB} Kb8 30. Rd2 Bd7 $2 (30... Rd7 31. Re2 g6) 31. Rd6 {White is clearly winning.} a5 32. Ra6 {[#] White wants to mate with Ra8+.} Re1+ 33. Kh2 {Intending Ra8+ and mate.} Kc7 34. Rxa5 Re8 35. Ra8 Rb8 36. a4 {[%cal Ba2a4,Ba4a5,Ba5a6,Ba6a7][%mdl 32]} Be6 37. a5 Bxb3 38. a6 Be6 39. a7 Rxb7 40. Bxb7 Kxb7 41. Rg8 Kxa7 42. Rxg7 Kb6 43. Rh7 {Accuracy: White = 92%, Black = 49%.} 1-0

[Event "Mukachevo Rating March 2019"]
[Site "Mukachevo"]
[Date "2019.03.15"]
[Round "6.5"]
[White "Shkuran, Danylo"]
[Black "Terletsky, Oleg"]
[Result "1/2-1/2"]
[WhiteElo "2356"]
[BlackElo "2264"]
[Annotator "TA"]
[PlyCount "62"]
[EventDate "2019.??.??"]
[EventCountry "UKR"]
[SourceTitle "playchess.com"]
[Source "ChessBase"]
[SourceQuality "1"]

{[%evp 17,62,8,19,0,20,6,32,37,10,7,25,37,37,33,40,39,64,0,0,0,0,0,0,0,0,0,0,0,0,0,0,0,0,0,0,0,0,0,0,0,0,0,0,0,0,0,0]} 1. e4 e5 2. Nf3 Nc6 3. Bc4 Nf6 4. d3 Be7 5. Nc3 d6 6. h3 Na5 7. Bb3 Nxb3 8. axb3 c5 9. O-O O-O {LiveBook: 8 Games} 10. Be3 {C55: Two Knights: 4 d3, 4 d4 exd4 5 e5 and Max Lange Attack} (10. Qe2 h6 11. Nd2 Be6 12. Nc4 Re8 13. Qf3 Bf8 14. g4 g6 15. Qg3 Bg7 16. f4 exf4 17. Bxf4 d5 {0-1 (40) Plotkin,V (2265)-Preotu,R (2496) Sault Ste Marie 2017}) 10... Be6 11. Ng5 h6 12. Nxe6 {White is slightly better.} fxe6 13. f4 exf4 14. Bxf4 e5 15. Be3 a6 $146 ({Predecessor:} 15... Qe8 16. Qd2 Qg6 17. Ne2 d5 18. exd5 Nxd5 19. Rxf8+ Bxf8 {1-0 (54) Blaschke,T-Reimann,G (2039) Griesheim 2003}) 16. Qe2 b5 17. Nd5 (17. Bd2 $14) 17... Nxd5 $11 {The position is equal.} 18. exd5 Rxf1+ 19. Rxf1 Bg5 20. Bxg5 Qxg5 {[%mdl 4096] Endgame KQR-KQR} 21. Qf3 Qe7 22. Qg4 Rf8 23. Rxf8+ Qxf8 {KQ-KQ} 24. Qd7 Kh7 25. Qb7 Qf4 26. Qxa6 Qe3+ 27. Kh2 Qf4+ 28. Kh1 Qf1+ 29. Kh2 Qf4+ 30. Kg1 Qe3+ 31. Kh2 Qf4+ {Precision: White = 63%, Black = 70%.} 1/2-1/2

[Event "Mukachevo Rating March 2019"]
[Site "Mukachevo"]
[Date "2019.03.16"]
[Round "7.1"]
[White "Terletsky, Oleg"]
[Black "Vanczak, Tamas"]
[Result "1-0"]
[WhiteElo "2264"]
[BlackElo "2263"]
[Annotator "TA"]
[PlyCount "131"]
[EventDate "2019.??.??"]
[EventCountry "UKR"]
[SourceTitle "playchess.com"]
[Source "ChessBase"]
[SourceQuality "1"]

{[%evp 20,131,0,2,0,-38,-27,-27,-33,-40,-21,-21,-16,-22,15,11,29,21,18,0,9,16,35,41,43,19,22,18,46,0,0,0,0,0,10,0,46,53,47,51,52,31,168,188,175,176,181,179,182,121,179,146,134,133,125,120,247,238,244,249,228,248,234,228,257,243,333,319,325,311,673,290,379,319,460,400,372,374,434,434,419,345,377,385,344,337,327,328,441,441,441,422,422,410,396,382,381,320,698,686,417,412,6633,6613,29974,29976,29975,29976,29976,29977,29977,29978,29981,29978]} 1. e4 c6 2. d4 d5 3. Nc3 dxe4 4. Nxe4 Bf5 5. Ng3 Bg6 6. h4 h6 7. Nf3 Nd7 8. h5 Bh7 9. Bd3 Bxd3 10. Qxd3 e6 11. Bf4 Qa5+ {B19: Classical Caro-Kann: 4...Bf5 main line} 12. Kf1 (12. Bd2 Bb4 13. c3 Be7 14. c4 Qc7 15. d5 cxd5 16. cxd5 Qd6 17. Qb5 Ngf6 18. dxe6 Qxe6+ 19. Kf1 {1-0 (64) Kokarev,D (2622)-Rozum,I (2586) Khanty-Mansiysk 2017}) 12... Ngf6 13. c4 Be7 {Black has an edge.} 14. Rh3 Rd8 15. Qc2 O-O 16. Kg1 b5 $146 ({Predecessor:} 16... Rfe8 17. c5 Nd5 18. Bd2 Qc7 {½-½ (47) Warzecha,H (2262)-Perini,G (2251) ICCF email 2016}) 17. c5 Nd5 18. Bd2 Qc7 19. Re1 Nf4 20. Rh1 Nd5 21. Qc1 Rfe8 22. b4 Bf8 23. Rh4 Be7 24. Rhe4 N7f6 25. R4e2 Bf8 26. Ne5 Ne7 27. Qc3 Nf5 (27... Ned5 {seems wilder.} 28. Qa3 Nd7 29. Qa6 Nb8 30. Qa3 Nd7) 28. Nxf5 exf5 29. Qf3 Rxd4 {...Rxe5! is the strong threat.} 30. Qxc6 Qxc6 (30... Qc8 $14 31. Bc3 Rd5) 31. Nxc6 $18 {[%mdl 64] [#] Discovered Attack} Rxe2 32. Rxe2 Rd7 33. Bc3 Ne4 34. Bd4 (34. Be5 $18) 34... g6 (34... Rc7 $16) 35. hxg6 fxg6 36. f3 Ng3 37. Re6 Bg7 (37... f4 $16 {keeps fighting.}) 38. Bf2 f4 39. Rd6 Rc7 40. Bxg3 fxg3 41. Rxg6 {[%mdl 4096] Endgame KRB-KRN} Kf7 42. Rd6 Bf6 43. f4 h5 44. Kf1 Rc8 $2 (44... a6 45. Ke2 Rc8) 45. Ke2 (45. Nxa7 $142 Rf8 46. c6) 45... h4 46. Kf3 Rg8 (46... a6 {was worth a try.} 47. Na7 Rd8 48. Rxa6 Rd2) 47. Rd7+ Ke6 48. Rh7 Kf5 49. Rh5+ Kg6 50. Kg4 Re8 {If only Black now had time for ...Re2....} 51. Ne5+ Kg7 52. c6 Rc8 53. Kf5 Bxe5 54. fxe5 ({Weaker is} 54. Kxe5 Rxc6 55. Rxh4 Rc2 $16) 54... Rxc6 55. Rxh4 {KR-KR} Rc2 56. Rg4+ {[%mdl 64] [#] Double Attack} Kf7 57. Rxg3 Rxa2 58. e6+ Ke7 $2 (58... Kf8 59. Rd3 Rf2+ 60. Ke5 Ke8) 59. Rg7+ Ke8 60. g4 Rb2 (60... Rf2+ $142 61. Ke5 Re2+ 62. Kf5 Rf2+ 63. Kg6 a6) 61. Rxa7 Rxb4 62. g5 {White mates.} Rb1 63. g6 Rf1+ 64. Ke5 Re1+ 65. Kd5 Kf8 66. Rf7+ {Accuracy: White = 79%, Black = 39%.} 1-0

[Event "Mukachevo Rating March 2019"]
[Site "Mukachevo"]
[Date "2019.03.16"]
[Round "7.2"]
[White "Demeter, Dorina"]
[Black "Shkuran, Danylo"]
[Result "1/2-1/2"]
[WhiteElo "2140"]
[BlackElo "2356"]
[Annotator "TA"]
[PlyCount "61"]
[EventDate "2019.??.??"]
[EventCountry "UKR"]
[SourceTitle "playchess.com"]
[Source "ChessBase"]
[SourceQuality "1"]

{[%evp 20,61,0,0,0,2,16,16,26,4,4,2,11,14,14,0,0,0,0,0,3,-13,86,0,0,0,54,53,62,56,64,57,58,56,61,21,33,20,22,0,25,0,22,0]} 1. Nf3 Nf6 2. c4 g6 3. Nc3 Bg7 4. e4 d6 5. d4 O-O 6. h3 e5 7. dxe5 dxe5 8. Qxd8 Rxd8 9. Bg5 Re8 10. Nd5 Nxd5 11. cxd5 ({Reject} 11. exd5 e4 $17) 11... c6 {E90: King's Indian: Classical: Early deviations and 6 h3} 12. Bc4 b5 (12... cxd5 13. Bxd5 Nc6 14. O-O Be6 15. Bxe6 Rxe6 16. Rfd1 f6 17. Be3 Bf8 18. Kf1 Rd6 19. Rxd6 Bxd6 20. Rd1 Rd8 21. Ke2 Kf7 {½-½ (41) Georgiev,K (2657)-Spasov,V (2566) Bankia 2013}) 13. Bb3 a5 14. a4 Ba6 15. Rc1 $146 ({Predecessor:} 15. Kd2 Bf8 16. Rhc1 Bb4+ 17. Kd1 c5 18. Bd2 Nd7 19. Bxb4 axb4 20. axb5 Bxb5 21. Nd2 f5 22. f3 fxe4 23. fxe4 Rxa1 24. Rxa1 Rc8 25. Ke1 {½-½ (25) Iagar,R (2152)-Navarrete Espi,S (2176) Mislata 2012}) 15... Rc8 16. dxc6 Rxc6 17. Bd5 Rxc1+ 18. Bxc1 Ra7 19. Be3 $36 {[%mdl 2048] White has good play.} Rc7 $1 20. Kd2 Bb7 (20... bxa4 $11 {remains equal.} 21. Rc1 Rxc1 22. Kxc1 Bb5) 21. Bxb7 (21. axb5 $16 {Hoping for b6.} Bxd5 22. exd5) 21... Rxb7 $11 22. Rc1 {[#] aiming for Rc8+.} f6 (22... bxa4 $11 23. Rc8+ Bf8) 23. axb5 $14 Nd7 24. Rc8+ Kf7 25. Ne1 Rxb5 26. Nd3 Bf8 27. g4 f5 28. Rc7 Ke8 29. Rc8+ Kf7 30. Rc7 Ke8 31. Rc8+ {Accuracy: White = 45%, Black = 63%.} 1/2-1/2

[Event "Mukachevo Rating March 2019"]
[Site "Mukachevo"]
[Date "2019.03.16"]
[Round "7.3"]
[White "Vachylia, Andrii"]
[Black "Tiba, Vladyslav"]
[Result "1/2-1/2"]
[WhiteElo "2268"]
[BlackElo "2389"]
[Annotator "TA"]
[PlyCount "64"]
[EventDate "2019.??.??"]
[EventCountry "UKR"]
[SourceTitle "playchess.com"]
[Source "ChessBase"]
[SourceQuality "1"]

{[%evp 16,64,19,-2,0,0,0,11,8,6,19,0,0,-11,0,0,-12,-72,-32,-43,-10,-28,-3,-39,-5,-13,-11,-45,0,0,0,0,0,0,0,0,0,0,0,0,0,0,0,0,0,0,0,0,0,0,0]} 1. d4 d5 2. c4 dxc4 3. Nf3 Nf6 4. Nc3 e6 5. e3 a6 6. a4 c5 7. Bxc4 Nc6 {[%cal Bb8c6,Bc6b4,Bb4d3][%mdl 32]} 8. O-O Be7 9. d5 exd5 {D27: Queen's Gambit Accepted: Classical main line: 7 e4!? and 7 a4} 10. Nxd5 Nxd5 11. Bxd5 Nb4 12. Bc4 Bf5 $146 ({Predecessor:} 12... O-O 13. Bd2 Nc6 14. Bc3 Bg4 15. h3 Bh5 16. Qd5 Qxd5 17. Bxd5 {1-0 (53) Nguyen,T (2537)-Predke,A (2612) Biograd 2018}) 13. Qe2 Bd3 14. Bxd3 Qxd3 ({Much weaker is} 14... Nxd3 $6 15. Rd1 $16) 15. Qxd3 Nxd3 16. e4 (16. Bd2 $11) 16... O-O 17. b3 Rfd8 18. Be3 Rac8 19. a5 c4 20. bxc4 Rxc4 21. Rfb1 Rb4 (21... Rd7 {keeps more tension.} 22. Nd2 Rc2 23. Nf1 Nc5 24. f3 Rd3) 22. Kf1 {The position is equal.} Rxb1+ 23. Rxb1 Rd7 24. Ke2 f6 25. Rd1 Ne5 26. Nxe5 Rxd1 27. Kxd1 {[#] Threatens to win with Nd3.} fxe5 $11 {KB-KB} 28. Bb6 Kf7 29. Ke2 Ke6 30. Kd3 Kd7 31. Kc4 Kc6 32. Be3 g6 {Accuracy: White = 48%, Black = 51%.} 1/2-1/2

[Event "Mukachevo Rating March 2019"]
[Site "Mukachevo"]
[Date "2019.03.16"]
[Round "7.4"]
[White "Shankovskyi, Andrii"]
[Black "Larkin, Vladyslav"]
[Result "1/2-1/2"]
[WhiteElo "2347"]
[BlackElo "2336"]
[Annotator "TA"]
[PlyCount "62"]
[EventDate "2019.??.??"]
[EventCountry "UKR"]
[SourceTitle "playchess.com"]
[Source "ChessBase"]
[SourceQuality "1"]

{[%evp 24,62,0,0,0,0,0,0,0,-12,0,0,-2,-8,0,0,0,0,0,0,0,0,0,0,18,18,20,20,19,0,0,0,0,0,0,0,0,0,0,0,0]} 1. d4 d5 2. c4 c6 3. cxd5 cxd5 4. Nc3 Nf6 5. Nf3 Nc6 6. Bf4 a6 7. h3 Bf5 8. e3 e6 9. Bd3 Bxd3 10. Qxd3 Bd6 11. Bxd6 Qxd6 12. O-O O-O 13. Rac1 {LiveBook: 3 Games. The position is equal. D13: Slav Defence: Exchange variation without ...Bf5} Rfc8 (13... Rac8 14. a3 Rc7 15. Rc2 Rfc8 16. Rfc1 Ne7 17. Ne2 Rxc2 18. Rxc2 Rxc2 19. Qxc2 Qc6 20. Qxc6 Nxc6 21. Nc1 Nd7 22. Kf1 {½-½ (30) Ozen,D (2410)-Pikula,D (2477) Tekirdag 2019}) 14. Na4 {And now Nb6 would win.} Nd7 15. a3 $146 ({Predecessor:} 15. Nc5 Nxc5 16. Rxc5 Ne7 17. Rfc1 Rxc5 18. Rxc5 Rc8 19. Rxc8+ Nxc8 20. Qc3 Ne7 21. Ne5 {½-½ (21) Simonyi,Z (2284)-Farkas,T (2240) Hungary 2015}) 15... Na5 16. Nd2 b5 17. Nc5 Nc4 18. b4 a5 19. Nb7 Qb6 20. Nxa5 Nxa5 21. Rxc8+ Rxc8 22. bxa5 Qxa5 23. Rb1 Rc3 24. Qxb5 Qxb5 25. Rxb5 {Black must now prevent Rb7.} Rxa3 $11 {[%mdl 4096] Endgame KRN-KRN} 26. g3 Ra7 27. Nb3 g6 28. Kg2 Kg7 29. h4 h5 30. Nc5 Rc7 31. Nxd7 Rxd7 {Precision: White = 76%, Black = 87%.} 1/2-1/2